| 000 | 01016 am a2200325 a 4500 | ||
|---|---|---|---|
| 001 | 009048047 | ||
| 003 | OSt | ||
| 005 | 20201128021034.0 | ||
| 008 | 030519t2003 xxka frbd 001 ||eng d | ||
| 020 | _a0077099869 (pbk.) | ||
| 020 | _a0077099745 (variant) | ||
| 020 | _a9780077099862 | ||
| 040 |
_aStDuBDS _dUk |
||
| 082 | 0 | 4 |
_a005.74 _222 _bCAR |
| 100 | 1 |
_aCarter, John, _d1949- _935696 |
|
| 245 | 1 | 0 |
_aDatabase design and programming with Access, SQL, Visual Basic and ASP / _cJohn Carter. |
| 250 | _a2nd ed. | ||
| 260 |
_aLondon : _bMcGraw-Hill Education, _cc.2003. |
||
| 300 |
_axiv, 631 p. : _bill. ; _c24 cm. |
||
| 500 | _aGlossary : p. 613-616. | ||
| 500 | _aIndex : p. 619-631. | ||
| 504 | _aBibliography : p. 617. | ||
| 630 | 0 | 0 |
_aMicrosoft Access _95603 |
| 650 |
_aDatabase design _92653 |
||
| 650 | 0 |
_aVisual programming (Computer science) _935697 |
|
| 650 | 0 |
_aSQL (Computer program language) _92657 |
|
| 653 |
_bENGGEN _cMarch2014 |
||
| 655 |
_vtext book _933728 |
||
| 942 |
_2ddc _k005.74 CAR |
||
| 999 |
_c18126 _d18098 |
||